MLB Home Run Celebrations - Statistics

General Stats
  • This quiz has been taken 60 times
    52 since last reset
  • The average score is 8 of 15
Answer Stats
Celebration Team % Correct
Cheese hat. Milwaukee Brewers
90%
Helmet in retro blue and yellow nicknamed the "Swelmet" with the newly added trident. Seattle Mariners
83%
A bottle of water and a funnel attached to an orange-and-black striped rubber tube called the "Homer hose". Baltimore Orioles
73%
Samurai helmet. Los Angeles Angels
73%
Swinging a cutlass like a buccaneer. Pittsburgh Pirates
73%
Laundry cart that players ride in the dugout to celebrate home runs. Boston Red Sox
65%
"Land of 10,000 Rakes" jacket that is meant to be a parady of a nickname for the state they play in. Minnesota Twins
65%
Sombrero hat with the letter P's on it. Philadelphia Phillies
60%
Viking helmet. Cincinnati Reds
55%
Home run jacket with the phrase, "La Gente Del Barrio." The jacket is meant to represent the multicultural backgrounds of the team and its fanbase. Toronto Blue Jays
45%
Mafia/mobster look in black garb (hat, jacket and gloves) Chicago White Sox
38%
Hockey helmet and stick. Detroit Tigers
30%
Polaroid camera used in the dugout that takes a picture of a player posing. San Diego Padres
28%
Started out as a fist-twisting hand signal that became so popular that the RF introduced an actual pepper mill or grinder in an attempt to motivate the struggling offense. St. Louis Cardinals
15%
Tunnel dance in the dugout. Tampa Bay Rays
13%
No matching quizzes found
Score Distribution
Percent of People with Each Score
Percentile by Number Answered
Your Score History
You have not taken this quiz since the last reset